00303nam a2200121Ia 4500008004100000041000800041082001800049100001200067245003300079260003300112300001900145999001700164241015s9999 xx 000 0 und d aeng a808.06665 CAN aCanavor aBusiness Writing For Dummies bWiley IndiaaNew Delhic2021 a421;. P. 23 cm c41864d41864